书目信息 |
| 题名: |
大学英语4级考试三位一体作文法
|
|
| 作者: | 吴玮翔 编著 | |
| 分册: | ||
| 出版信息: | 南京 东南大学出版社 2003.10 |
|
| 页数: | 250页 | |
| 开本: | 19cm | |
| 丛书名: | ||
| 单 册: | ||
| 中图分类: | H310.42 , H315 | |
| 科图分类: | ||
| 主题词: | 英语--ying yu--写作 | |
| 电子资源: | ||
| ISBN: | 7-81089-346-7 | |
| 000 | 00842nam0 2200241 450 | |
| 001 | 0183641716 | |
| 005 | 20051012095606.54 | |
| 010 | @a7-81089-346-7@dCNY10.00 | |
| 100 | @a20050421d2003 km y0chiy0120 ea | |
| 101 | 0 | @achi@aeng |
| 102 | @aCN@b320000 | |
| 105 | @ay z 000yy | |
| 200 | 1 | @a大学英语4级考试三位一体作文法@Ada xue ying yu 4 ji kao shi san wei yi ti zuo wen fa@f吴玮翔编著@Fwu wei xiang bian zhu |
| 210 | @a南京@c东南大学出版社@d2003.10 | |
| 215 | @a250页@d19cm | |
| 300 | @a大学英语第二课堂 | |
| 330 | @a本书内容包括: 大学英语四级作文考试作文的例题分析模块、 大学英语四级考试作文填空背诵模块、 大学英语四级考试作文话题背诵模块等。 | |
| 606 | 0 | @a英语@Aying yu@x写作 |
| 690 | @aH310.42@v4 | |
| 690 | @aH315@v4 | |
| 701 | 0 | @a吴玮翔@Awu wei xiang@4编著 |
| 801 | 0 | @aCN@bQSSK@c20051012 |
| 905 | @a10447@dH310.42@eW887 | |
| 大学英语4级考试三位一体作文法/吴玮翔编著.-南京:东南大学出版社,2003.10 |
| 250页;19cm |
| 大学英语第二课堂 |
| ISBN 7-81089-346-7:CNY10.00 |
| 本书内容包括: 大学英语四级作文考试作文的例题分析模块、 大学英语四级考试作文填空背诵模块、 大学英语四级考试作文话题背诵模块等。 |
| ● |
| 相关链接 |
|
|
|
正题名:大学英语4级考试三位一体作文法
索取号:H310.42/W887
 
预约/预借
| 序号 | 登录号 | 条形码 | 馆藏地/架位号 | 状态 | 备注 |
| 1 | 566535 | 205665350 | 语言库209/209语言库 98排1列2层/ [索取号:H310.42/W887] | 在馆 | |
| 2 | 566536 | 205665369 | 语言库209/209语言库 98排1列2层/ [索取号:H310.42/W887] | 在馆 | |
| 3 | 566537 | 205665378 | 语言库209/209语言库 98排1列2层/ [索取号:H310.42/W887] | 在馆 | |
| 4 | 566538 | 205665387 | 语言库209/209语言库 98排1列2层/ [索取号:H310.42/W887] | 在馆 | |
| 5 | 566539 | 205665396 | 语言库209/209语言库 98排1列2层/ [索取号:H310.42/W887] | 在馆 |